000 00438nam a22001817a 4500
003 MPLRDC
005 20220104125726.0
008 210129b ||||| |||| 00| 0 eng d
020 _a962-07-4139-0
082 _a802 LJS
100 _a李家树
245 _a语文研究和语文教学
_c
250 _a一版一刷
260 _a
_b商务印书馆
_c1989
300 _b
650 _a中国语言--华语
942 _cBK
_o802 LJS
999 _c29653
_d29643